| 000 | 00351nam a2200133Ia 4500 | ||
|---|---|---|---|
| 008 | 240624s9999 xx 000 0 und d | ||
| 041 | _aeng | ||
| 082 | _a200 EAS | ||
| 100 | _aEASWARAN EKNATH | ||
| 245 | _aSTRENGTH IN THE STORM CREATING CALM IN D | ||
| 260 |
_c2006 _aMumbai _bJaico Publishing House |
||
| 300 | _a183 : p. : cm. ; 21 | ||
| 365 |
_cRS _b20 |
||
| 999 |
_c4458 _d4458 |
||